000
00327nam a2200133Ia 4500
008
231129s1935||||xx |||||||||||||| ||spa||
040
_b
spa
082
_a
Co863 G216l
100
_a
Garcia Herreros Manuel
245
0
_a
Lejos del mar; asaltos Manuel Garcia Herreros
260
_c
1935
264
_a
Lealon
942
_2
ddc
_c
BKS
999
_c
19110
_d
19110